000 01367nam0a2200373 4500
001 RU\NLR\BIBL_A\011396092
005 20241101015256.0
010 _a9785448393211
021 _aRU
_b2017-32910
_92416
035 _a(RuMoRGB)008877424
035 _a(NLR Aleph) 011396092
090 _a11479891
_c11479891
100 _a20170530d2017 c y0rusy50 ca
101 0 _arus
_aeng
102 _aRU
105 _aa z 000gy
200 1 _aКошачьи стихи
_dKitty rhymes
_eна русском and in English
_fIrene Vinogradova
_zeng
210 _a[Б. м.]
_cИздательские решения
_d2017
215 _a26, [1] с.
_cцв. ил.
_d21
300 _aТекст парал. на рус. и англ. яз.
333 _a0+
510 1 _6z45790
_aKitty rhymes
_zeng
686 _aШ143.21-947
_2rubbk
686 0 _aШ9(2)60=Р7-5
686 0 _aШ9(2)68
700 1 _7ca
_8rus
_aВиноградова
_bИ.
_cдет. поэт
_gИрина
_9174570
_3RU\NLR\AUTH\770174621
702 1 _4440
_7ca
_8rus
_aВиноградова
_bИ.
_cдет. поэт
_gИрина
_9174570
_3RU\NLR\AUTH\770174621
790 1 _7ba
_8rus
_aVinogradova
_bI.
_cдет. поэт
_gIrina
_9174577
_3RU\NLR\AUTH\770174628
942 _cBOOK
980 _aNBR